• 首页
  • 本馆介绍
  • 公告通知
  • 最新文献
  • 馆藏检索
  • 电子资源
  • 读者导购
  • 参考咨询
  • 我的图书馆
  • 登录
  • 期刊详细显示
  • 现刊情况显示
  • 合订本情况显示
  • 篇目信息显示

期刊信息

  • 表格格式
  • 工作单格式
  • 卡片格式
索取号 
D81/GJZHW
题名 
国际展望
作者 
《国际展望》编委会
分册号 
分册名 
出版地 
上海
出版者 
国际展望杂志社
标准刊号 
1006-1568
出版频率 
半月刊
中图法分类 
D81
主题词 
国际关系
电子资源 
000 00578nas0 2200205 45
001 0553690390
005 20070422100207.12
011    @a1006-1568@dCNY10.00
092    @b4-377
100    @a20051012d km y0chiy0120 ea
101 0  @achi
102    @aCN@b310000
200 1  @a国际展望@AGuo Ji Zhan Wang@f《国际展望》编委会@F《Guo Ji Zhan Wang》Bian Wei Hui
210    @a上海@c国际展望杂志社
326    @a半月刊
606 0  @a国际关系
690    @aD81@v4
711  0 @a《国际展望》编委会@A《Guo Ji Zhan Wang》Bian Wei Hui
801  0 @aCN@bPFT@c20070422
905    @aTJWY@dD81@eGJZHW
    
    国际展望/《国际展望》编委会.-上海:国际展望杂志社
    
    
    
    ISSN 1006-1568:CNY10.00
    
●
相关链接: 在易读查询期刊 在中国知网中查询期刊 在万方数据查询期刊 在维普查询期刊
唐山师范学院图书馆 欢迎您!
大连网信软件有限公司© 版权所有